Statistics for Can you guess the anime from a bad description?

Click here to take the quiz!

General Stats

  • This quiz has been taken 121 times
  • The average score is 19 of 26

Answer Stats

HintAnswer% Correct
A person finds a book and wants to be god so they kill people.Death Note
98%
Boy becomes a pirate and wants to be king.One Piece
98%
NinjasNaruto
96%
You will die if he punches you onceOne punch man
96%
A show about volleyball and we simp over every character.Haikyuu
92%
A kid wants to find his dad so he takes an exam. There is also a perverted clown.Hunter x Hunter
91%
Gay ice skatingYuri on ice
91%
An alchemist looking for rocks.Fullmetal Alchemist
90%
A bunch of kids have to kill there teacherAssassination Classroom
86%
Big wall keeps the unwanted out.Attack On Titan
82%
Trapperd into a game and have to beat a boss to leave.Sword art online
81%
Gay swimmingFree
75%
Kids live on a 'Farm'The promised neverland
74%
Turns peoples souls into swords.Soul Eater
70%
Son of satan wants to kill satan.Blue exorcist
68%
Demon works at a jobThe Devil is a Part-Timer
66%
Edgy teen dyes his hair and drinks coffeeTokyo Ghoul
66%
Bnana in a microwave makes time machine.Steins Gate
63%
Gambling at a schoolKakegurui
58%
Bear traps kids in a school and tell them to get away with murder to leave.Danganronpa
56%
The name of a cleanerBleach
55%
Gay bandGiven
53%
A child signs a contract with a demon, and they solve mysteries.Black butler.
50%
Pink haired psychopathMirai Nikki
50%
An afterlife people go to if they had an unfair life and they want to defy god and not be reincarnated.Angel Beats
36%
A cursed show that shoul not have been made.Boku no Pico
31%

Score Distribution

Percentile by Number Answered

Percent of People with Each Score

Your Score History

You have not taken this quiz